00521cam a2200181ua 45000010005000000080039000050200018000440400009000620820010000711000019000812450076001002500009001762600036001853000022002216530014002436530060002577000022003172392110812n ii |||gr||||Z||||||eng a81-7457-000-4 cMAIN a370.11 aChaube, S. P.,1 aPhilosophical and sociological foundations of educationcby S P. Chaube a5th. aAgra:bVinod pustak mandir,997. axiv; 489p:c23cm. aEducation aPhilosophical and sociological foundations of education aChaube, Akhilesh,